Music Quiz

Random Music or Billboard Quiz

One-Hit Wonders of 1991 (US, Clips) Quiz Stats

 Plays Quiz not verified by Sporcle

Score 0/36 Timer 06:00
1 Play Today
Time Song % Correct
0:55I Touch Myself
66.7%
0:05Wicked Game
66.1%
1:25Walking In Memphis
64.5%
0:15Get Here
44.6%
1:10Silent Lucidity
37.1%
0:00Candy
36%
0:20My Side Of The Bed
36%
1:40Lily Was Here
29.6%
1:45Kissing You
28%
1:35You Can't Play With My Yo-Yo
26.3%
2:50Rush
26.3%
2:20Kiss Them for Me
25.8%
0:25Together Forever
25.3%
0:50It's a Shame (My Sister)
24.7%
2:30The One and Only
24.7%
0:45Save Some Love
24.2%
1:50Temptation
23.7%
2:55I Wonder Why
23.7%
Time Song % Correct
2:00Pop Goes the Weasel
22.6%
2:35Just Want To Hold You
22%
1:05People Are Still Having Sex
21%
0:40Voices That Care
20.4%
2:45With You
20.4%
1:30I'll Never Let You Go (Angel Eyes)
19.4%
2:15Written All Over Your Face
18.3%
0:10Deeper Shade Of Soul
16.7%
1:20How Can I Ease the Pain
16.1%
1:55Love on a Rooftop
15.1%
0:30How to Dance
13.4%
1:00My Heart Is Failing Me
12.9%
2:05Got a Love for You
12.4%
1:15Does Anybody Really Fall In Love Anymore?
11.8%
0:35Temple Of Love
10.8%
2:10The Truth
10.8%
2:25Power Windows
10.8%
2:40My Heart Belongs to You
7.5%

You're not logged in!

Compare scores with friends on all Sporcle quizzes.
OR
Log In

Show Comments

Extras

Top Quizzes Today


Score Distribution

Your Account Isn't Verified!

In order to create a playlist on Sporcle, you need to verify the email address you used during registration. Go to your Sporcle Settings to finish the process.

Report this User

Report this user for behavior that violates our Community Guidelines.

Details: